[Event "34th Chess Olympiad (women)"]
[Site "Istanbul"]
[Date "2000.10.28"]
[Round "1.11.1"]
[White "Foisor, Cristina Adela"]
[Black "Tamin, Upi"]
[WhiteElo "2386"]
[BlackElo "2240"]
[WhiteCountry "ROM"]
[BlackCountry "INA"]
[Result "1-0"]

1. Nf3 Nf6 2. g3 g6 3. b3 Bg7 4. Bb2 d5 5. Bg2 O-O 6. O-O c5 7. c4 d4 
8. e3 dxe3 9. dxe3 Nc6 10. Nc3 Qc7 11. Qe2 Bg4 12. h3 Bxf3 13. Bxf3 Rfd8 
14. Rad1 a6 15. Bg2 Rab8 16. f4 e6 17. g4 Rxd1 18. Rxd1 Rd8 19. g5 Ne8 
20. Rxd8 Nxd8 21. Ne4 e5 22. Nc3 Qd6 23. Nd5 Ne6 24. fxe5 Bxe5 25. h4 Bxb2 
26. Qxb2 Qg3 27. Qf2 Qxf2+ 28. Kxf2 b5 29. cxb5 axb5 30. a4 bxa4 31. bxa4 N8c7 
32. a5 Kg7 33. Nxc7 Nxc7 34. Bf1 f6 35. a6 Na8 36. Bg2 Nb6 37. a7 h6 
38. gxf6+ Kxf6 39. a8=Q Nxa8 40. Bxa8 g5 41. hxg5+ Kxg5 42. Ke2 Kf5 43. Kd3 Ke5 
44. Bf3 
1-0

[Event "34th Chess Olympiad (women)"]
[Site "Istanbul"]
[Date "2000.10.28"]
[Round "1.11.2"]
[White "Zakiah, Al"]
[Black "Cosma, Elena Luminita"]
[WhiteElo "2000"]
[BlackElo "2360"]
[WhiteCountry "INA"]
[BlackCountry "ROM"]
[Result "1/2-1/2"]

1. d4 d5 2. c4 e6 3. Nf3 c6 4. e3 Nf6 5. Bd3 Nbd7 6. O-O dxc4 7. Bxc4 b5 
8. Be2 Bb7 9. b3 Be7 10. Bb2 O-O 11. Nbd2 a6 12. Ne1 c5 13. Bf3 Qb6 
14. Bxb7 Qxb7 15. Qf3 Qxf3 16. Nexf3 Rac8 17. Rac1 Nd5 18. a3 Rfd8 
19. Rfd1 N7f6 20. Kf1 Bf8 21. h3 h6 22. Ke2 a5 23. dxc5 Bxc5 24. Rc2 Bf8 
25. Rdc1 Rxc2 26. Rxc2 b4 27. a4 Nd7 28. Ne5 Nxe5 29. Bxe5 Bd6 30. Bxd6 Rxd6 
31. Rc8+ Kh7 32. Nc4 Nc3+ 33. Kf3 Rd5 34. g4 Nb1 35. Ke2 Nc3+ 36. Kf3 Nb1 
37. Ke2 Nc3+ 38. Kf3 
1/2-1/2

[Event "34th Chess Olympiad (women)"]
[Site "Istanbul"]
[Date "2000.10.28"]
[Round "1.11.3"]
[White "Ionescu-Brandis, Irina"]
[Black "Riayaningrum, Yeni"]
[WhiteElo "2304"]
[BlackElo "2000"]
[WhiteCountry "ROM"]
[BlackCountry "INA"]
[Result "1-0"]

1. e4 e5 2. Nf3 Nc6 3. Bc4 Nf6 4. d3 Be7 5. O-O d6 6. c3 O-O 7. Bb3 Bg4 
8. h3 Bh5 9. Re1 Na5 10. Bc2 c5 11. Nbd2 Qc7 12. Nf1 h6 13. Ng3 Bg6 14. Nh4 Bh7 
15. Qf3 Ne8 16. Nhf5 Kh8 17. Be3 Nc6 18. Rac1 Qd8 19. Red1 Bg5 20. Ba4 Bxf5 
21. Nxf5 Kh7 22. Bxc6 bxc6 23. d4 Bxe3 24. Qxe3 cxd4 25. cxd4 exd4 26. Qxd4 Qc7 
27. Nxd6 Rd8 28. e5 g6 29. Qc5 Qe7 30. b4 Ng7 31. Rd2 Rd7 32. Ne4 Qxc5 
33. Rxc5 Rxd2 34. Nxd2 Rb8 35. a3 Rb6 36. Nc4 Ra6 37. Na5 Ne6 38. Rxc6 Rxc6 
39. Nxc6 a6 40. Kf1 
1-0

[Event "34th Chess Olympiad (women)"]
[Site "Istanbul"]
[Date "2000.10.28"]
[Round "1.12.1"]
[White "Shabanaj, Eglantina"]
[Black "Hunt, Harriet"]
[WhiteElo "2176"]
[BlackElo "2454"]
[WhiteCountry "ALB"]
[BlackCountry "ENG"]
[Result "0-1"]

1. d4 Nf6 2. c4 e6 3. a3 c5 4. e3 cxd4 5. exd4 d5 6. Nc3 Be7 7. Nf3 O-O 
8. Bd3 dxc4 9. Bxc4 a6 10. a4 b6 11. O-O Bb7 12. Re1 Qc7 13. Bb3 Rd8 
14. Bg5 Nbd7 15. Rc1 Qd6 16. Ne5 Nf8 17. Be3 Rac8 18. Qe2 Ng6 19. Bg5 Nf8 
20. Rcd1 Qb4 21. Ba2 h6 22. Nxf7 Kxf7 23. Bxe6+ Nxe6 24. Qxe6+ Kf8 25. Bf4 Re8 
26. Bc1 Qd6 27. Qf5 Rcd8 28. Re6 Bc8 29. Rxd6 Bxf5 30. Rxb6 Rd6 31. Rb7 Nd5 
32. h3 Bf6 33. Nxd5 Rxd5 34. Be3 Bc2 35. Rd2 Bxa4 36. Rb6 Bb5 37. b3 Kf7 
38. Rb7+ Re7 39. Rxe7+ Kxe7 40. g4 Kd7 41. f4 Bc6 42. Kf2 Rb5 43. Ra2 a5 
44. Rc2 Rxb3 45. Rc5 Rb2+ 46. Ke1 Bf3 47. Bd2 Bxd4 48. Rxa5 Rb1+ 
0-1

[Event "34th Chess Olympiad (women)"]
[Site "Istanbul"]
[Date "2000.10.28"]
[Round "1.12.2"]
[White "Lalic, Susan"]
[Black "Cima, Rozana"]
[WhiteElo "2315"]
[BlackElo "2055"]
[WhiteCountry "ENG"]
[BlackCountry "ALB"]
[Result "1-0"]

1. e4 e5 2. Nf3 Nc6 3. d4 exd4 4. Nxd4 Nxd4 5. Qxd4 d6 6. Nc3 Nf6 7. Be2 Be7 
8. Bd2 O-O 9. O-O-O b6 10. f4 Bb7 11. Bf3 c5 12. Qf2 Qc7 13. g4 Rfd8 14. g5 Ne8 
15. Rhg1 Bf8 16. f5 f6 17. Qh4 fxg5 18. Bxg5 Rd7 19. Be2 Kh8 20. Bc4 Be7 
21. Be6 Bxg5+ 22. Rxg5 Re7 23. Qxh7+ 
1-0

[Event "34th Chess Olympiad (women)"]
[Site "Istanbul"]
[Date "2000.10.28"]
[Round "1.12.3"]
[White "Shabanaj, Alda"]
[Black "Richards, Heather"]
[WhiteElo "2000"]
[BlackElo "2109"]
[WhiteCountry "ALB"]
[BlackCountry "ENG"]
[Result "0-1"]

1. d4 e6 2. c4 Bb4+ 3. Bd2 a5 4. a3 Bxd2+ 5. Qxd2 d6 6. Nc3 Nf6 7. e4 Nbd7 
8. f4 Qe7 9. Nf3 e5 10. fxe5 dxe5 11. d5 O-O 12. Bd3 Nc5 13. Bc2 a4 14. O-O Ne8 
15. Qe3 b6 16. Rf2 Nd6 17. Bd3 Bd7 18. Raf1 Rae8 19. Nd2 f5 20. exf5 e4 
21. f6 Rxf6 22. Rxf6 Qe5 23. R1f4 Nf5 24. Rg4 Kh8 25. Qh3 Qd4+ 26. Kh1 
0-1

[Event "34th Chess Olympiad (women)"]
[Site "Istanbul"]
[Date "2000.10.28"]
[Round "1.13.1"]
[White "Voiska, Margarita"]
[Black "Charest, Johanne"]
[WhiteElo "2330"]
[BlackElo "2136"]
[WhiteCountry "BUL"]
[BlackCountry "CAN"]
[Result "1-0"]

1. c4 e6 2. Nc3 d5 3. e3 c5 4. d4 Nf6 5. Nf3 Nc6 6. cxd5 exd5 7. Bb5 a6 
8. Bxc6+ bxc6 9. O-O Bd6 10. dxc5 Bxc5 11. b3 O-O 12. Bb2 Bg4 13. Ne2 Bd6 
14. Ng3 Qe7 15. Qc2 Rfc8 16. Nf5 Bxf5 17. Qxf5 Ba3 18. Bd4 Qe4 19. Qg5 Qg6 
20. Bxf6 Qxf6 21. Qxf6 gxf6 22. Rad1 Rab8 23. Rd4 Rb4 24. Rfd1 Rcb8 
25. Rxb4 Rxb4 26. Nd4 Rb6 27. Nf5 Bf8 28. Kf1 Rb5 29. Ke2 a5 30. Rd4 Rb4 
31. Kd3 Bc5 32. Rxb4 axb4 33. Nd4 Kf8 34. Nxc6 Ke8 35. e4 dxe4+ 36. Kxe4 Kd7 
37. Kd5 Bxf2 38. Nxb4 Kc7 39. Nd3 Be3 40. g4 Bg1 41. h4 Be3 42. h5 Bd2 
1-0

[Event "34th Chess Olympiad (women)"]
[Site "Istanbul"]
[Date "2000.10.28"]
[Round "1.13.2"]
[White "Belc, Daniela"]
[Black "Velcheva, Maria"]
[WhiteElo "2073"]
[BlackElo "2302"]
[WhiteCountry "CAN"]
[BlackCountry "BUL"]
[Result "0-1"]

1. d4 d5 2. c4 e6 3. Nc3 c6 4. Nf3 dxc4 5. a4 Bb4 6. Bd2 b5 7. e3 a5 
8. axb5 Bxc3 9. Bxc3 cxb5 10. b3 Bb7 11. bxc4 b4 12. Bb2 Nf6 13. Bd3 Nbd7 
14. O-O O-O 15. Qc2 Qc7 16. Ne5 Nxe5 17. dxe5 Ng4 18. Bxh7+ Kh8 19. Be4 Bxe4 
20. Qxe4 f5 21. Qf4 a4 22. h3 Nh6 23. Rab1 Rfb8 24. Bc1 a3 25. Rb3 Qc6 
26. Rd1 Rd8 27. Rxd8+ Rxd8 28. Bxa3 bxa3 29. Rxa3 Rc8 30. Ra7 Rc7 31. Rxc7 Qxc7 
32. Qd4 Nf7 33. f4 Kg8 34. Kf2 Qd8 35. c5 Qxd4 36. exd4 Kf8 37. g4 fxg4 
38. hxg4 Nh6 39. Kf3 Ke7 40. g5 Nf5 41. Ke4 g6 42. d5 Kd7 43. d6 Kc6 
44. Kd3 Ng3 45. Ke3 Kd7 46. Kf3 Nf5 47. Ke4 Kc6 48. Kd3 Nh4 49. Ke4 Ng2 
50. Kf3 Ne1+ 51. Ke4 Nc2 52. Kd3 Nb4+ 53. Kd4 Na6 54. f5 exf5 55. e6 Nxc5 
56. e7 Ne6+ 57. Ke5 Ng7 58. Kf6 Ne8+ 59. Kxg6 f4 60. Kh6 Kxd6 
0-1

[Event "34th Chess Olympiad (women)"]
[Site "Istanbul"]
[Date "2000.10.28"]
[Round "1.13.3"]
[White "Djingarova, Emilia"]
[Black "Bryskine, Marina"]
[WhiteElo "2263"]
[BlackElo "2200"]
[WhiteCountry "BUL"]
[BlackCountry "CAN"]
[Result "1-0"]

1. e4 e5 2. Nf3 Nc6 3. Bb5 a6 4. Ba4 Nf6 5. O-O b5 6. Bb3 Be7 7. Re1 d6 
8. c3 O-O 9. h3 Na5 10. Bc2 c5 11. d3 Nc6 12. Nbd2 h6 13. Nf1 Be6 14. Ng3 Qc8 
15. Bb1 Nh7 16. d4 cxd4 17. cxd4 Bd7 18. Be3 Qb7 19. d5 Na5 20. b3 Rac8 
21. Bd3 Qb8 22. Qd2 Nb7 23. b4 Qc7 24. Rec1 Qd8 25. Rxc8 Qxc8 26. a4 bxa4 
27. Bxa6 Qa8 28. b5 Qb8 29. Rxa4 Nc5 30. Bxc5 dxc5 31. Qb2 Bd6 32. Nd2 Nf6 
33. Nc4 Re8 34. Ra1 Bc7 35. b6 Bd6 36. Bb5 Rd8 37. Bc6 Bxc6 38. dxc6 Qc8 
39. Nxd6 Qxc6 40. Ndf5 Re8 41. b7 Nd7 42. Ra8 Nb8 43. Rxb8 
1-0

[Event "34th Chess Olympiad (women)"]
[Site "Istanbul"]
[Date "2000.10.28"]
[Round "1.14.1"]
[White "Caoili, Arianne"]
[Black "Klinova, Masha"]
[WhiteElo "2113"]
[BlackElo "2350"]
[WhiteCountry "PHI"]
[BlackCountry "ISR"]
[Result "0-1"]

1. Nf3 d6 2. d4 Nf6 3. Bf4 g6 4. h3 Bg7 5. e3 Nbd7 6. Be2 O-O 7. Bh2 c5 
8. c3 b6 9. O-O Bb7 10. Nbd2 Qc7 11. Bd3 Rad8 12. e4 e5 13. dxe5 Nxe5 
14. Bxe5 dxe5 15. Qc2 Nh5 16. Rfd1 Nf4 17. Bf1 Bc6 18. a4 h6 19. Nc4 Kh8 
20. Ne3 Qb7 21. Nd2 h5 22. g3 Ne6 23. h4 Bh6 24. Nec4 f6 25. Bg2 g5 
26. hxg5 Bxg5 27. Nf1 Qh7 28. Nd6 h4 29. Bh3 Rxd6 30. Rxd6 Bxe4 31. Qe2 Ng7 
32. Rad1 Bg6 33. Rd8 Ne8 34. Bg2 e4 35. R1d7 Qh6 36. Bxe4 f5 37. Bg2 Bxd8 
38. Rxd8 hxg3 39. Nxg3 f4 40. Nf1 Qg5 41. Rd5 Bf5 42. Nh2 Rg8 43. Qf3 Qxg2+ 
0-1

[Event "34th Chess Olympiad (women)"]
[Site "Istanbul"]
[Date "2000.10.28"]
[Round "1.14.2"]
[White "Pitam, Ela"]
[Black "Mendoza, Beverly"]
[WhiteElo "2323"]
[BlackElo "2098"]
[WhiteCountry "ISR"]
[BlackCountry "PHI"]
[Result "1/2-1/2"]

1. c4 e5 2. Nc3 Nf6 3. Nf3 Nc6 4. g3 d5 5. cxd5 Nxd5 6. d3 Be7 7. Bg2 Be6 
8. O-O O-O 9. Bd2 Rb8 10. Nxd5 Bxd5 11. Bc3 Bf6 12. Rc1 Re8 13. a3 g6 14. b4 a6 
15. Qd2 Bxf3 16. Bxf3 Bg5 17. e3 Nd4 18. Bd1 Nb5 19. Bb2 c6 20. Qc2 Bf6 
21. Bf3 Qd6 22. Rfd1 Rbd8 23. Bg2 Kg7 24. Qb1 Nc7 25. d4 exd4 26. Bxd4 Bxd4 
27. Rxd4 Qf6 28. Rf4 Qe7 29. Qb3 Qe6 30. Qc2 Qe5 31. h4 h5 32. Re4 Qf6 
33. Rxe8 Nxe8 34. Qc3 Rd1+ 35. Bf1 Qxc3 36. Rxc3 Nd6 37. Rd3 Rxd3 38. Bxd3 f5 
39. Kg2 Nb5 40. Bxb5 axb5 41. Kf3 Kf6 42. Kf4 b6 43. e4 c5 44. Ke3 Ke6 
45. f3 Kf6 46. Kd3 fxe4+ 47. Kxe4 c4 48. Kf4 Ke6 49. Ke4 Kf6 50. Kf4 g5+ 
51. hxg5+ Kg6 52. Ke4 Kxg5 53. Ke3 h4 54. gxh4+ Kxh4 55. Ke4 Kg5 56. f4+ Kg6 
57. Kf3 Kf6 58. Ke4 Ke6 59. Kd4 Kf5 60. Ke3 Ke6 61. Ke4 Kd6 62. Kd4 Ke5+ 
1/2-1/2

[Event "34th Chess Olympiad (women)"]
[Site "Istanbul"]
[Date "2000.10.28"]
[Round "1.14.3"]
[White "Bernardo, Leah"]
[Black "Borsuk, Angela"]
[WhiteElo "2000"]
[BlackElo "2303"]
[WhiteCountry "PHI"]
[BlackCountry "ISR"]
[Result "1/2-1/2"]

1. d4 d6 2. Nf3 Bg4 3. e3 Nd7 4. Be2 Ngf6 5. c4 e6 6. Nc3 Be7 7. O-O O-O 
8. Qc2 d5 9. cxd5 exd5 10. Qb3 Nb6 11. h3 Bh5 12. Bd2 Ne4 13. Rfd1 Nxd2 
14. Nxd2 Bxe2 15. Nxe2 c6 16. Nf4 Bd6 17. Nd3 Qe7 18. a4 Rab8 19. a5 Nd7 
20. Rac1 Rfc8 21. Qa4 g5 22. Nf1 Kh8 23. Qc2 a6 24. Qe2 Rg8 25. Qf3 Nf6 
26. Ng3 Bc7 27. Nf5 Qe4 28. Qxe4 dxe4 29. Nc5 Rge8 30. b4 Nd5 31. Rc4 h5 
32. Kf1 Kh7 33. Nd7 Rbd8 34. Nc5 Rb8 35. Nd7 Rbd8 36. Nc5 Rb8 37. Nd7 Rbd8 
1/2-1/2

[Event "34th Chess Olympiad (women)"]
[Site "Istanbul"]
[Date "2000.10.28"]
[Round "1.15.1"]
[White "Eidelson, Rakhil"]
[Black "Monterroso Ochoa, Karla"]
[WhiteElo "2360"]
[BlackElo "2000"]
[WhiteCountry "BLR"]
[BlackCountry "GUA"]
[Result "1-0"]

1. Nf3 Nf6 2. g3 g6 3. Bg2 Bg7 4. O-O O-O 5. d4 d5 6. Bf4 Bf5 7. Qc1 Re8 
8. c4 c6 9. Rd1 Nbd7 10. Nc3 Rc8 11. Ne5 Nb6 12. b3 Nh5 13. Bh6 Nf6 
14. Bxg7 Kxg7 15. Qf4 Be6 16. e4 dxc4 17. b4 Qc7 18. d5 cxd5 19. exd5 Bf5 
20. Nb5 Qb8 21. Nd4 Bd7 22. h3 Ba4 23. Re1 Nbd7 24. Qg5 Nxe5 25. Rxe5 Kg8 
26. Rae1 Qd6 27. Nf5 Qxb4 28. Nxe7+ Kg7 29. Nxc8 Rxc8 30. Qf4 Qb2 31. Re7 Qxa2 
32. Rxb7 c3 33. Ree7 Qa1+ 34. Kh2 Be8 35. Qd4 
1-0

[Event "34th Chess Olympiad (women)"]
[Site "Istanbul"]
[Date "2000.10.28"]
[Round "1.15.2"]
[White "Castillo Melendez, Dina"]
[Black "Popova, Natalija"]
[WhiteElo "2071"]
[BlackElo "2297"]
[WhiteCountry "GUA"]
[BlackCountry "BLR"]
[Result "0-1"]

1. e4 c5 2. Nf3 e6 3. d4 cxd4 4. Nxd4 Nc6 5. Be3 Nf6 6. Nd2 d6 7. Be2 Be7 
8. O-O O-O 9. c3 Bd7 10. Kh1 a6 11. f4 Rc8 12. Qe1 Re8 13. Qg3 Bf8 14. e5 Nd5 
15. Bg1 Nxd4 16. Bxd4 Ne7 17. Bd3 Ng6 18. Ne4 Bc6 19. Ng5 Be7 20. Nf3 Qd7 
21. Rf2 Bd5 22. b3 b5 23. Rd1 Qc6 24. f5 exf5 25. Bxf5 Rcd8 26. Rdf1 Rf8 
27. Bb1 Be4 28. Qg4 Bxb1 29. Rxb1 Qd5 30. Re2 dxe5 31. Nxe5 Bf6 32. Rbe1 Nxe5 
33. Bxe5 Bxe5 34. Rxe5 Qd2 35. c4 bxc4 36. bxc4 Rd4 37. Qc8 Qxe1+ 
0-1

[Event "34th Chess Olympiad (women)"]
[Site "Istanbul"]
[Date "2000.10.28"]
[Round "1.15.3"]
[White "Zagorskaya, Tatiana"]
[Black "Martinez Porras, Ingrid"]
[WhiteElo "2125"]
[BlackElo "2104"]
[WhiteCountry "BLR"]
[BlackCountry "GUA"]
[Result "1-0"]

1. c4 e6 2. Nc3 f5 3. d4 Nf6 4. g3 d6 5. Bg2 g6 6. e4 fxe4 7. Nxe4 Bg7 
8. Bg5 O-O 9. Ne2 Qe7 10. O-O e5 11. N2c3 c6 12. d5 c5 13. Nb5 h6 14. Bxf6 Rxf6 
15. Nxf6+ Bxf6 16. Be4 a6 17. Nc3 Qg7 18. Qd3 Kh7 19. h4 h5 20. Rab1 Nd7 
21. a3 Be7 22. b4 b6 23. f3 Ra7 24. Qe3 Nf6 25. bxc5 bxc5 26. Rf2 Bd8 
27. Rfb2 Ba5 28. Nd1 Nxe4 29. fxe4 Rf7 30. Rf2 Re7 31. Rb8 Re8 32. Nc3 Bc7 
33. Rb1 Re7 34. Qg5 Bd8 35. Qf6 Qxf6 36. Rxf6 Bc7 37. Rf8 Ba5 38. Rxc8 Bxc3 
39. Rc6 Bd4+ 40. Kg2 a5 41. Rxd6 Rf7 42. Rf1 
1-0

[Event "34th Chess Olympiad (women)"]
[Site "Istanbul"]
[Date "2000.10.28"]
[Round "1.16.1"]
[White "Leite, Catarina"]
[Black "Peng, Zhaoqin"]
[WhiteElo "2089"]
[BlackElo "2403"]
[WhiteCountry "POR"]
[BlackCountry "NED"]
[Result "0-1"]

1. e4 c5 2. c3 d5 3. ed5 Qd5 4. d4 Nf6 5. Nf3 e6 6. Bd3 Nc6 7. O-O cd4 
8. cd4 Be7 9. Nc3 Qd8 10. a3 O-O 11. Be3 b6 12. Rc1 Bb7 13. Qe2 Nd5 14. Qc2 Nf6 
15. Rfd1 Rc8 16. Qe2 Nd5 17. Nd5 Qd5 18. Bc4 Qh5 19. d5 Na5 20. d6 Bf6 
21. Ba6 Rc1 22. Rc1 Bf3 23. Qf3 Qf3 24. gf3 Bb2 25. Rc7 Be5 26. Rd7 Ra8 
27. f4 Bf6 28. Bd2 g6 29. Ba5 ba5 30. Rc7 Rd8 31. d7 Bd4 32. Bb5 Kf8 
33. Kg2 Ke7 34. Rc4 Bb6 35. Kf3 Kd6 36. Rc6+ Ke7 37. Rc8 Bd4 38. a4 Bb6 
39. Rc4 a6 40. Bc6 Rb8 41. Ke2 Bc7 42. Bb5 ab5 43. Rc7 ba4 44. Rc5 Rb4 
45. Ra5 Kd7 46. Ra7+ Kc6 47. Rf7 Rb7 48. Rf6 Kd5 49. Kd3 a3 50. Rf8 Ra7 
51. Rd8+ Kc6 52. Rc8+ Kd6 53. Rc1 a2 54. Ra1 Kd5 55. f3 Ra3+ 56. Ke2 Kd4 
57. Kd1 Ke3 58. Kc2 Kf4 
0-1

[Event "34th Chess Olympiad (women)"]
[Site "Istanbul"]
[Date "2000.10.28"]
[Round "1.16.2"]
[White "Sziva, Erika"]
[Black "Carvalho, Alda"]
[WhiteElo "2311"]
[BlackElo "2063"]
[WhiteCountry "NED"]
[BlackCountry "POR"]
[Result "1-0"]

1. e4 d6 2. d4 Nf6 3. Nc3 Nbd7 4. Nf3 e5 5. Bc4 Be7 6. 0-0 O-O 7. a4 c6 
8. Ba2 Qc7 9. Qe2 b6 10. Bg5 a6 11. Rad1 Bb7 12. d5 c5 13. Nh4 Qd8 14. Nf5 b5 
15. f4 b4 16. Nb1 ef4 17. Bf4 Nb6 18. c4 Re8 19. Qf3 Qd7 20. a5 Nc8 21. Nd2 Bf8 
22. Bg5 Ne7 23. Ng7 Bg7 24. Bf6 Ng6 25. Bb3 Qc7 26. Rf2 Bc8 27. Rdf1 Ra7 
28. h4 Qd7 29. Bg7 Kg7 30. h5 Ne5 31. Qf6+ Kf8 32. Qh6+ Ke7 33. Qh7 Kd8 34. Qg7 
1-0

[Event "34th Chess Olympiad (women)"]
[Site "Istanbul"]
[Date "2000.10.28"]
[Round "1.16.3"]
[White "Henriques, Sofia"]
[Black "Lanchava, Tea"]
[WhiteElo "2032"]
[BlackElo "2000"]
[WhiteCountry "POR"]
[BlackCountry "NED"]
[Result "0-1"]

1. e4 g6 2. d4 d6 3. Nc3 Bg7 4. Be3 a6 5. Qd2 b5 6. f3 Nd7 7. h4 h5 
8. 0-0-0 Nb6 9. Nh3 Qd7 10. Nf2 Bb7 11. Bd3 O-O-O 12. Qe2 e6 13. e5 d5 
14. a3 Ne7 15. g4 Nc6 16. Na2 Bf8 17. Qe1 Be7 18. Nh3 hg4 19. Ng5 Bg5 
20. Bg5 Nd4 21. Bd8 Nf3 22. Qg3 Qd8 23. Qg4 Ne5 24. Qg5 Qg5+ 25. hg5 Rh1 
26. Rh1 Nf3 27. Rh8+ Kd7 28. Rb8 Ng5 
0-1

[Event "34th Chess Olympiad (women)"]
[Site "Istanbul"]
[Date "2000.10.28"]
[Round "1.17.1"]
[White "Pokorna, Regina"]
[Black "Hagesaether, Ellen"]
[WhiteElo "2363"]
[BlackElo "2044"]
[WhiteCountry "SVK"]
[BlackCountry "NOR"]
[Result "1-0"]

1. e4 d6 2. d4 Nf6 3. Nc3 g6 4. f4 Bg7 5. Nf3 O-O 6. Bd3 c5 7. d5 Bg4 
8. O-O Na6 9. Bc4 Nd7 10. a3 Nb6 11. Be2 Nc7 12. Qe1 e6 13. Qg3 Bf3 14. Qf3 ed5 
15. Nd5 Ncd5 16. ed5 Qf6 17. c3 Qf5 18. Rd1 Rfe8 19. Bd3 Qf6 20. Bd2 c4 
21. Bc2 Rac8 22. Be3 Qe7 23. Kf2 Qd7 24. a4 Qd8 25. a5 Nd7 26. Ba4 b6 
27. ab6 ab6 28. Bc6 Re7 29. Ra4 b5 30. Rb4 Nf6 31. Rb5 Rb8 32. Qe2 Rb5 
33. Bb5 Re3 34. Ke3 Qb6+ 35. Kf3 Qb5 36. Qe7 Qd7 37. Qd7 Nd7 38. Ra1 Nc5 
39. Ra8+ Bf8 40. Ke3 Kg7 41. g3 Be7 42. Kd4 Nd3 43. Ra2 Nc1 44. Ra7 Bf6+ 
45. Kc4 Ne2 46. Ra1 
1-0

[Event "34th Chess Olympiad (women)"]
[Site "Istanbul"]
[Date "2000.10.28"]
[Round "1.17.2"]
[White "Johnsen, Sylvia"]
[Black "Hagarova, Zuzana"]
[WhiteElo "2049"]
[BlackElo "2321"]
[WhiteCountry "NOR"]
[BlackCountry "SVK"]
[Result "1/2-1/2"]

1. e4 c5 2. c3 e6 3. d4 d5 4. ed5 ed5 5. Nf3 Nc6 6. Be2 a6 7. O-O Bd6 
8. Re1 Nge7 9. Nbd2 O-O 10. dc5 Bc5 11. Nb3 Bd6 12. Nbd4 Qc7 13. h3 Ng6 
14. Bd3 Rd8 15. Bc2 Na5 16. Bg5 f6 17. Be3 Nc4 18. Rb1 Qf7 19. Nf5 Bf8 
20. N3d4 Bd7 21. h4 Ne3 22. Re3 Ne5 23. h5 Re8 24. Rg3 Kh8 25. Ne3 Bc6 
26. Bf5 Rad8 27. Qc2 h6 28. f4 Nc4 29. Bg6 Qc7 30. Nc4 dc4 31. Be8 Be8 
32. Qf2 Bc5 33. Rh3 Bf7 34. Kh1 Qa5 35. b4 cb3 36. ab3 Qb6 37. b4 Bd4 
38. cd4 Qd4 39. Qd4 Rd4 40. Rh4 Rd5 41. Rc1 Rb5 42. f5 Rf5 43. Rc5 Rd5 44. Rd4 
1/2-1/2

[Event "34th Chess Olympiad (women)"]
[Site "Istanbul"]
[Date "2000.10.28"]
[Round "1.17.3"]
[White "Mrvova, Alena"]
[Black "Hersvik, Anita"]
[WhiteElo "2231"]
[BlackElo "2172"]
[WhiteCountry "SVK"]
[BlackCountry "NOR"]
[Result "1-0"]

1. e4 e5 2. Nf3 Nf6 3. Ne5 d6 4. Nf3 Ne4 5. d4 d5 6. Bd3 Bd6 7. O-O O-O 
8. c4 c6 9. Nc3 Nc3 10. bc3 dc4 11. Bc4 Bf5 12. Re1 Nd7 13. Bg5 Qa5 14. Qd2 b5 
15. Bb3 Rfe8 16. Bf4 Qc7 17. Bg3 a5 18. a4 Bg3 19. hg3 Rad8 20. Qg5 Bg6 
21. Re7 Kf8 22. Rae1 b4 23. Ne5 Ne5 24. Rc7 Nf3+ 25. gf3 Re1+ 26. Kg2 Rde8 
27. Qc5+ Kg8 28. cb4 Rb1 29. Qc6 Kf8 30. Qc5+ Kg8 31. Rc8 
1-0

[Event "34th Chess Olympiad (women)"]
[Site "Istanbul"]
[Date "2000.10.28"]
[Round "1.18.1"]
[White "Mohammed, Janer"]
[Black "Mkrtchian, Lilit"]
[WhiteElo "2000"]
[BlackElo "2312"]
[WhiteCountry "IRQ"]
[BlackCountry "ARM"]
[Result "0-1"]

1. d4 d5 2. c4 e6 3. Nc3 Be7 4. Nf3 Nf6 5. Bg5 h6 6. Bf6 Bf6 7. e3 O-O 
8. Qb3 c6 9. Bd3 Nd7 10. O-O dc4 11. Bc4 e5 12. Ne4 ed4 13. Nf6+ Qf6 14. Nd4 b5 
15. Be2 Bb7 16. Rac1 Rab8 17. Qc3 b4 18. Qc2 c5 19. Nf3 Rfe8 20. Nd2 Rbd8 
21. Bf3 Qa6 22. Ne4 Qg6 23. Rfd1 Ne5 24. Ng3 Nf3+ 25. gf3 Qc2 26. Rc2 Rd1+ 
0-1

[Event "34th Chess Olympiad (women)"]
[Site "Istanbul"]
[Date "2000.10.28"]
[Round "1.18.2"]
[White "Hlgatian, Goar"]
[Black "Jamal, Jawan"]
[WhiteElo "2209"]
[BlackElo "2000"]
[WhiteCountry "ARM"]
[BlackCountry "IRQ"]
[Result "1-0"]

1. e4 c6 2. d4 d5 3. Nc3 de4 4. Ne4 Bf5 5. Ng3 Bg6 6. Nf3 Nf6 7. h4 h6 
8. Ne5 Bh7 9. Bc4 e6 10. Qe2 Qd4 11. Nf7 Rg8 12. Qe6+ Be7 13. Qc8+ Bd8 
14. O-O Qd7 15. Re1+ Kf8 16. Qd8+ Qd8 17. Nd8 Rh8 18. Ne6+ Kf7 19. Nc7+ Kf8 
20. Bf4 
1-0

[Event "34th Chess Olympiad (women)"]
[Site "Istanbul"]
[Date "2000.10.28"]
[Round "1.18.3"]
[White "Ameen, S."]
[Black "Aginian, Nelly"]
[WhiteElo "2152"]
[BlackElo "2205"]
[WhiteCountry "IRQ"]
[BlackCountry "ARM"]
[Result "0-1"]

1. d4 Nf6 2. Nf3 g6 3. c4 Bg7 4. Nc3 d5 5. Bg5 Ne4 6. cd5 Ng5 7. Ng5 e6 
8. Nf3 ed5 9. e3 O-O 10. Be2 c6 11. O-O Be6 12. Qc2 Nd7 13. Rfc1 Re8 14. b4 Rc8 
15. Qb1 Qe7 16. a4 f5 17. g3 Rf8 18. a5 a6 19. Na4 g5 20. Bd3 h6 21. Nc5 Nc5 
22. bc5 Qf7 23. Ra2 Rce8 24. Ne5 Be5 25. de5 Qd7 26. Rb2 Re7 27. f4 Rg7 
28. Kf2 d4 29. Re2 de3+ 30. Re3 gf4 31. gf4 Qd4 32. Rg1 Qf4+ 33. Rf3 Qh2+ 
34. Ke3 Qg1+ 35. Qg1 Rg1 
0-1

[Event "34th Chess Olympiad (women)"]
[Site "Istanbul"]
[Date "2000.10.28"]
[Round "1.19.1"]
[White "Mazakova, Petra"]
[Black "Lim, Jean Nie"]
[WhiteElo "2319"]
[BlackElo "2168"]
[WhiteCountry "CZE"]
[BlackCountry "MAS"]
[Result "1-0"]

1. e4 c5 2. c3 d5 3. ed5 Qd5 4. d4 Nf6 5. Nf3 Bg4 6. Be2 e6 7. h3 Bh5 
8. 0-0 Nc6 9. Be3 cd4 10. cd4 Bb4 11. a3 Qa5 12. Qb3 O-O 13. ab4 Qa1 
14. Na3 Qf1+ 15. Kf1 a6 16. g4 Bg6 17. Ne5 Be4 18. f3 Bd5 19. Bc4 Rac8 
20. Nc6 Rc6 21. Bd5 Nd5 22. Bd2 b5 23. Nb1 Rc4 24. Bc3 Rfc8 25. Nd2 R4c6 
26. Ne4 Ne3+ 27. Kf2 Nc4 28. h4 Rd8 29. h5 h6 30. Qa2 f5 31. gf5 ef5 
32. Nd2 Kh8 33. Nc4 bc4 34. Qa5 Rcd6 35. Qf5 Rd5 36. Qe6 Rh5 37. Qa6 Rdd5 
38. Qc4 Rhf5 39. Ke3 h5 40. Be1 Rd8 41. Bg3 Rdf8 42. Qc6 Rg5 43. Kf2 Rgf5 
44. Qe4 g5 45. Be5+ Kh7 46. b5 Kg8 47. b6 
1-0

[Event "34th Chess Olympiad (women)"]
[Site "Istanbul"]
[Date "2000.10.28"]
[Round "1.19.2"]
[White "Lee, Samantha"]
[Black "Jackova, Jana"]
[WhiteElo "2000"]
[BlackElo "2358"]
[WhiteCountry "MAS"]
[BlackCountry "CZE"]
[Result "0-1"]

1. e4 e5 2. Nf3 Nc6 3. Bb5 a6 4. Ba4 Nf6 5. O-O Be7 6. Re1 b5 7. Bb3 O-O 
8. c3 d5 9. d3 Bg4 10. Nbd2 Qd7 11. Nf1 Rad8 12. Bg5 d4 13. Bc2 h6 14. Bd2 Nh7 
15. Ng3 Bg5 16. Qc1 Bf3 17. gf3 Bd2 18. Qd2 Ng5 19. Qe2 Qe6 20. Kh1 dc3 
21. bc3 b4 22. Bb3 Qf6 23. Bd5 bc3 24. Nf5 Rd5 25. ed5 Qf5 26. Rg1 Nd4 
27. Qf1 Qf3+ 28. Qg2 c2 29. Qf3 Ngf3 30. Rgc1 Rd8 31. Kg2 Rd5 32. Rh1 Rc5 
0-1

[Event "34th Chess Olympiad (women)"]
[Site "Istanbul"]
[Date "2000.10.28"]
[Round "1.19.3"]
[White "Sikorova, Olga"]
[Black "Ibrahim, Eliza"]
[WhiteElo "2203"]
[BlackElo "2015"]
[WhiteCountry "CZE"]
[BlackCountry "MAS"]
[Result "1-0"]

1. e4 g6 2. d4 Bg7 3. Nc3 d6 4. Be3 Nf6 5. f3 O-O 6. Qd2 c5 7. dc5 dc5 
8. Qd8 Rd8 9. Bc5 Nc6 10. Nge2 Nd7 11. Be3 Nde5 12. Rd1 Be6 13. a3 Nc4 
14. Bc1 Nd4 15. Nd4 Rd4 16. Rd4 Bd4 17. Nd1 Rd8 18. c3 Bb6 19. Be2 Ne5 
20. Nf2 Bc4 21. Bc4 Nc4 22. Nd1 Kg7 23. Ke2 Ne5 24. Ne3 e6 25. Rd1 Rd1 
26. Nd1 a6 27. b3 Nd7 28. c4 Nc5 29. b4 Nb3 30. Bb2+ f6 31. Kd3 e5 32. c5 Bc7 
33. Ne3 Kf7 34. Nf1 Ke6 35. Kc4 Nd4 36. Bd4 ed4 37. Kd4 Be5+ 38. Kd3 Bc7 
39. h3 Kd7 40. Ne3 Kc6 41. Nd5 Bd8 42. Kc4 a5 43. Nf4 b5+ 44. cb6 Bb6 45. Ng6 
1-0

[Event "34th Chess Olympiad (women)"]
[Site "Istanbul"]
[Date "2000.10.28"]
[Round "1.20.1"]
[White "Hamid, Rani"]
[Black "Ramon, Vivian"]
[WhiteElo "2106"]
[BlackElo "2294"]
[WhiteCountry "BAN"]
[BlackCountry "CUB"]
[Result "1/2-1/2"]

1. e4 e5 2. Nf3 Nc6 3. Bb5 Qe7 4. Nc3 Nd8 5. 0-0 c6 6. Bc4 d6 7. a4 g6 
8. d4 Qc7 9. h3 Be6 10. d5 Bd7 11. Qe2 f6 12. Be3 Nh6 13. Rfd1 Nhf7 14. a5 c5 
15. a6 b6 16. Nh2 Be7 17. Nb5 Qc8 18. Ra3 O-O 19. Bd2 f5 20. ef5 Bf5 
21. Bc1 Bf6 22. Ng4 Bg7 23. Rg3 Qd7 24. Ne3 Nh6 25. Nf5 Nf5 26. Rf3 Nf7 
27. Qe4 Nd4 28. Nd4 ed4 29. Rb3 Ne5 30. Bb5 Qf7 31. f4 Nd7 32. Qe6 Rad8 
33. f5 Kh8 34. Bg5 Bf6 35. Bh6 Bg7 36. Bg5 Bf6 37. Bh6 Bg7 38. Bg5 
1/2-1/2